000 00649cam a2200205 a 4500
001 12993906
005 20250828141726.0
008 021106s2004 maua b 001 0 eng
020 _a0072563141
_qsoftcover : alk. paper
020 _a9780072563146
_q(softcover : alk. paper)
050 0 0 _aBF121
_b.L214 2004
082 0 0 _a150
_221
100 1 _aLahey, Benjamin B.
245 1 0 _aPsychology :
_ban introduction /
_cBenjamin B. Lahey.
250 _a8th ed.
260 _aBoston, Mass. :
_bMcGraw-Hill,
_cc2004.
300 _a1 v. (various pagings) :
_bill. (some col.) ;
_c28 cm.
_e3 CD-Roms (4 3/4 in.)
650 0 _aPsychology.
942 _2lcc
_cBK
_n0
999 _c7389
_d7389